| 000 | 00000cas 2200000zi 4500 |
| 001 | 9.912199 |
| 003 | CaOODSP |
| 005 | 20251212081317 |
| 006 | m o d f |
| 007 | cr ||||||||||| |
| 008 | 220610c20139999oncar p o f0 a0eng|d |
| 022 | |a2816-6744 |
| 040 | |aCaOODSP|beng|erda|cCaOODSP |
| 043 | |an-cn--- |
| 086 | 1 |aRv1-42E-PDF |
| 110 | 2 |aCanada Revenue Agency.|eauthor, |eissuing body. |
| 222 | 0|aAdvance pricing arrangement |
| 245 | 10|aAdvance pricing arrangement : |bprogram report / |cCompetent Authority Services Division, International and Large Business Directorate, Compliance Programs Branch, Canada Revenue Agency. |
| 246 | 13|aAPA report |
| 264 | 1|aOttawa, Ontario, Canada : |bCanada Revenue Agency = Agence du revenu du Canada, |c[2013]- |
| 310 | |aAnnual |
| 336 | |atext|btxt|2rdacontent |
| 337 | |acomputer|bc|2rdamedia |
| 338 | |aonline resource|bcr|2rdacarrier |
| 362 | 1 |aBegan with 2012/2013. |
| 500 | |aIssued also in French under title: Arrangement préalable en matière de prix de transfert : rapport sur le programme. |
| 588 | |aDescription based on: 2012/2013. |
| 588 | |aLatest issue consulted: 2020. |
| 610 | 20|aCanada Revenue Agency|vPeriodicals. |
| 650 | 0|aTaxation|zCanada|vPeriodicals. |
| 655 | 7|aPeriodicals|2lcgft |
| 710 | 2 |aCanada Revenue Agency. |bCompetent Authority Services Division, |eissuing body. |
| 775 | 08|tArrangement préalable en matière de prix de transfert : |w(CaOODSP)9.912201 |